000 01088cam a2200265 u 4500
005 20160506095955.0
008 991126s1998 ck a r 00010 spa d
040 _ala
_cla
_dCO-BoIAVH
041 0 _aspa
044 _ack
082 0 4 _a333.72
_bG94a
100 1 _aGuhl Nannetti, Ernesto.
_eautor
245 1 0 _aGuía para la gestión ambiental regional y local :
_bel qué, el quién, y el cómo de la gestión ambiental /
_cErnesto Guhl Nannetti [y otros 4]
260 _aSanta Fe de Bogotá :
_bFonade,
_c1998.
300 _a287 páginas :
_bilustraciones ;
_c22 x 16 centímetros
504 _aIncluye referencias bibliográficas.
650 1 6 _aControl ambiental
_zColombia
_vGuías.
650 2 6 _aGestión ambiental
_xComunicación
_zColombia.
650 2 6 _aGestión ambiental
_xAspectos económciso
_zColombia.
700 1 _aWills Herrera, Eduardo
_eautor
700 1 _aMacías Gómez, Luis Fernando
_eautor
700 1 _aBoada Ortíz, Alejandro
_eautor
700 1 _aCapera Layton, Claudia
_eautora
942 _2ddc
_cLIBRO
999 _c5228
_d5228